000
00326nam a22001457a 4500
008
230320b ||||| |||| 00| 0 eng d
020
_a
9780816048816
041
_a
eng
080
_a
030
082
_a
030SHO
100
_a
40
101
_a
ENCIKLO
245
_a
SEXUALLY TRANSMITTED DISEASES
_c
SHOQUIST J
942
_2
udc
_c
BK
999
_c
59401
_d
59401